6-literowe nazwy pierwiastków chemicznych - Statystyki

Ogólne statystyki
  • Ten quiz został rozwiązany 109 razy
  • Średni wynik to 10 z 27
Statystyki odpowiedzi
Pierwiastek % Poprawnych
Srebro
68%
Węgiel
66%
Magnez
62%
Żelazo
62%
Fosfor
61%
Mangan
61%
Siarka
58%
Ksenon
56%
Nikiel
44%
German
39%
Bizmut
38%
Pluton
36%
Kobalt
35%
Ameryk
34%
Tellur
34%
Neptun
30%
Stront
27%
Tantal
27%
Lantan
26%
Pallad
26%
Neodym
23%
Cyrkon
21%
Lorens
21%
Moskow
19%
Berkel
18%
Flerow
18%
Promet
14%
Nie znaleziono quizów pasujących do podanych kryteriów
Rozkład punktacji
Procent ludzi z każdym wynikiem
Percentyl według liczby udzielonych odpowiedzi
Twoja historia wyników
Nie rozwiązałeś tego quizu